Characterization and performance of calcium phosphate coatings for implants / (Record no. 14275)

000 -LEADER
fixed length control field 00963pam a2200265 a 4500
020 ## - INTERNATIONAL STANDARD BOOK NUMBER
ISBN 0803118546
040 ## - CATALOGING SOURCE
Transcribing agency DLC
082 00 - DEWEY DECIMAL CLASSIFICATION NUMBER
Classification number 617 AST 1994 A050 Or.
245 00 - TITLE STATEMENT
Title Characterization and performance of calcium phosphate coatings for implants /
260 ## - PUBLICATION, DISTRIBUTION, ETC. (IMPRINT)
Place of publication Philadelphia, PA :
Name of publisher ASTM,
Year of publication c1994.
300 ## - PHYSICAL DESCRIPTION
Number of Pages x, 212 p. :
Other physical details ill. ;
Dimensions 23 cm.
490 1# - SERIES STATEMENT
Series statement STP ;
500 ## - GENERAL NOTE
General note Papers presented at a symposium sponsored by ASTM Committee F-4 on Medical and Surgical Materials and Devices, in Miami, Fla., on Nov. 17, 1992.
500 ## - GENERAL NOTE
General note "ASTM publication code number (PCN) 04-011960-54."
650 #0 - SUBJECT ADDED ENTRY--TOPICAL TERM
Topical Term Hydroxyapatite coating
650 #0 - SUBJECT ADDED ENTRY--TOPICAL TERM
Topical Term Orthopedic implants
650 #0 - SUBJECT ADDED ENTRY--TOPICAL TERM
Topical Term Dental implants
650 #2 - SUBJECT ADDED ENTRY--TOPICAL TERM
Topical Term Calcium Phosphates
650 #2 - SUBJECT ADDED ENTRY--TOPICAL TERM
Topical Term Implants, Artificial
650 #2 - SUBJECT ADDED ENTRY--TOPICAL TERM
Topical Term Biocompatible Materials
700 1# - ADDED ENTRY--PERSONAL NAME
Personal name Horowitz, Emanuel.
700 1# - ADDED ENTRY--PERSONAL NAME
Personal name Parr, Jack E.
710 2# - ADDED ENTRY--CORPORATE NAME
Corporate name or jurisdiction name as entry element ASTM Committee F-4 on Medical and Surgical Materials and Devices.
942 ## - ADDED ENTRY ELEMENTS (KOHA)
Koha item type សៀវភៅភាសាអង់គ្លេស
952 ## - LOCATION AND ITEM INFORMATION (KOHA)
Withdrawn status [LOCAL, KOHA] 0
952 ## - LOCATION AND ITEM INFORMATION (KOHA)
Withdrawn status [LOCAL, KOHA] 0
Holdings
Permanent Location Date acquired Koha item type Lost status Shelving location Barcode Current Location Full call number
Library Block A2017-10-11សៀវភៅភាសាអង់គ្លេស A050A14007Library Block A617 AST 1994 A050 Or.
Library Block A2017-10-11សៀវភៅភាសាអង់គ្លេស A054A07570Library Block A617 AST 1994 A054 Or.
មជ្ឈមណ្ឌលឯការនៃសាកលវិទ្យាល័យភូមិន្ទកសិកម្មចំការដូង

Powered by Koha